Регионална библиотека "Любен Каравелов" - Русе

Йозеф Керкховен (Запис номер 427987)

MARC детайли
000 -Лидер
Контролно поле с фиксирана дължина nam a22 a 4500
003 - Код на организацията, давaща контролен номер
Контролно поле BLK
005 - Дата и час на последна редакция
Контролно поле 20210811144026.0
008 - Елементи от данни с фиксирана дължина
fixed length control field 210811b bu |||||||||| 00| | bu d
040 ## - Източник на каталожния запис
Идентификатор на билиотеката - собственик на записа BLK
041 ## - Код за език
Код за езика на текст/звукозапис или на отделно заглавие Български
Код за езика КДБФ Български
080 ## - УДК
Текстов определител УДК Немска литература
УДК код - определител по УДК 821.112.2
УДК определител -31
УДК - код + определител 821.112.2-31
100 ## - Редна дума - Автор
R(LIN) 1299
Автор Васерман, Якоб
Авторска отговорност първи автор
139 ## - Редно поле
Редна дума Васерман, Якоб
245 ## - Сведения за заглавието
Заглавие Йозеф Керкховен
Подзаглавни данни Роман : Краят на една голяма история, с която големият писател завърши и своя живот на земята
Редно поле (дума) Якоб Васерман ; прев. от ориг. М. Ненкова
260 ## - Област на издателските данни
9 (RLIN) 462147
Място на издаване, разпространение и проч. София
Име на издателя, разпространителя и проч. Евтина книга
Година на издаване [1935]
Печатница (София : Т. Т. Драгиев)
300 ## - Физическа характеристика
Страници 190 с.
Размери/Мащаб 21 см
380 ## - Жанр
Жанр Худож. лит.
500 ## - Общи забележки
Забележка Кн. е ч. 3 от трилогията Делото на Мавриций от същия авт. и е недовършена. Излиза и под загл. Трето съществуване на Йосиф Керкховен
700 ## - Други автори (авторска отговорност)
9 (RLIN) 1107
Лично име Ненкова, М.
Автороска отговорност (Описва отношението между автора и произведението) прев. от ориг.
852 ## - Местоположение
Форматна сигнатура Цб 8.210.1649
Фондова буква Основен фонд - ползва се само за читалня
999 ## - СИСТЕМНИ КОНТРОЛНИ НОМЕРА
Koha biblionumber 427987
Koha biblioitemnumber 427987
942 ## - АРТИКУЛИ
Вид на библиотечния материал Книги
Скрит в OPAC Не
Периодичен библиозапис Да
944 ## - СЪЗДАВАНЕ И РЕДАКЦИЯ на ЗАПИСА
Създаване/Редакция Създаване
Дата на регистрацията/редакция 2021-08-11
Служител, извършил регистрацията/редакцията ВП
Наличности
Код за отписване Код за изгубен артикул Източник на класификационната схема Код за повреда Коз за рестрикции Код за отдаване Артикулен № Име на библиотеката - собственик Име на библиотеката, в която се намира в момента Статус (Текущо местоположение) Дата на вписване в системата Местоположение - отдел Цена в лева Инвентарен номер Систематично азбучна сигнатура Баркод Цена в евро Служебен тип на артикула
  Не е изгубен Universal Decimal Classification Не е повреден само за читалня ползва се в читалня 848219 Регионална библиотека "Любен Каравелов" Русе Регионална библиотека "Любен Каравелов" Русе Хранилище 2021-08-12 Основен фонд - ползва се само за читалня 0.35 4873/53 Цб 8.210.1649 900000073466 0.18 Книги
Vip Innovations Ltd, Rousse, Bulgaria 2025